Chasing the dragon (Record no. 95594)
[ view plain ]
| 000 -LEADER | |
|---|---|
| fixed length control field | 01623nam a22003494a 4500 |
| 082 04 - DEWEY DECIMAL CLASSIFICATION NUMBER | |
| Classification number | 382/.64/0951 |
| 100 1# - MAIN ENTRY--AUTHOR NAME | |
| Personal name | Medeiros, Evan S. |
| 245 10 - TITLE STATEMENT | |
| Title | Chasing the dragon |
| 260 ## - PUBLICATION, DISTRIBUTION, ETC. (IMPRINT) | |
| Place of publication | Santa Monica, CA : |
| Name of publisher | Rand Corp., |
| Year of publication | 2005. |
| 300 ## - PHYSICAL DESCRIPTION | |
| Number of Pages | xxii, 112 p. : |
| Other physical details | ill. |
| 500 ## - GENERAL NOTE | |
| General note | "MG-353." |
| 505 0# - FORMATTED CONTENTS NOTE | |
| Formatted contents note | Introduction -- History of Chinese export controls -- Key organizations in China's export control system -- Chinese export control decision making : registration and licensing processes -- Challenges in implementation and enforcement of export controls. |
| 650 #0 - SUBJECT ADDED ENTRY--TOPICAL TERM | |
| Topical Term | Export controls |
| Topical Term | Weapons of mass destruction |
| Topical Term | Arms transfers |
| 856 40 - ELECTRONIC LOCATION AND ACCESS | |
| Uniform Resource Identifier | http://site.ebrary.com/lib/rucke/Doc?id=10152591 |
No items available.
